03137 2201525 4500001002100000005001500021035002000036008004100056245004500097100001000142250000600152260003400158300001200192020002200204084001600226082001000242650001500252990001200267990001200279990001200291990001200303990001200315990001200327990001200339990001200351990001200363990001200375990001200387990001200399990001200411990001200423990001200435990001200447990001200459990001200471990001200483990001200495990001200507990001200519990001200531990001200543990001200555990001200567990001200579990001200591990001200603990001200615990001200627990001200639990001200651990001200663990001200675990001200687990001200699990001200711990001200723990001200735990001200747990001200759990001200771990001200783990001200795990001200807990001200819990001200831990001200843990001200855990001200867990001200879990001200891990001200903990001200915990001200927990001200939990001200951990001200963990001200975990001200987990001200999990001201011990001201023990001201035990001201047990001201059990001201071990001201083990001201095990001201107990001201119990001201131990001201143990001201155990001201167990001201179990001201191990001201203990001201215990001201227990001201239990001201251990001201263990001201275990001201287990001201299990001201311990001201323990001201335990001201347990001201359990001201371990001201383990001201395990001201407990001201419990001201431990001201443990001201455990001201467990001201479990001201491990001201503990001201515990001201527990001201539990001201551990001201563990001201575990001201587990001201599INLIS00000000000139420240801072513 a0010-0724000014240801 0 ind 1 aBahasa Indonesia Tingkat Lanjut /cMaman aMaman a1 aJakarta :bKemendikbud,c2022 a292 hlm a978-602-244-871-8 a371.3 MAM b a371.3 4aBuku Paket a0752739 a0752740 a0752741 a0752742 a0752743 a0752744 a0752745 a0752746 a0752747 a0752748 a0752749 a0752750 a0752751 a0752752 a0752753 a0752754 a0752755 a0752756 a0752757 a0752758 a0752759 a0752760 a0752761 a0752762 a0752763 a0752764 a0752765 a0752766 a0752767 a0752768 a0752769 a0752770 a0752771 a0752772 a0752773 a0752774 a0752775 a0752776 a0752777 a0752778 a0752779 a0752780 a0752781 a0752782 a0752783 a0752784 a0752785 a0752786 a0752787 a0752788 a0752789 a0752790 a0752791 a0752792 a0752793 a0752794 a0752795 a0752796 a0752797 a0752798 a0752799 a0752800 a0752801 a0752802 a0752803 a0752804 a0752805 a0752806 a0752807 a0752808 a0752809 a0752810 a0752811 a0752812 a0752813 a0752814 a0752815 a0752816 a0752817 a0752818 a0752819 a0752820 a0752821 a0752822 a0752823 a0752824 a0752825 a0752826 a0752827 a0752828 a0752829 a0752830 a0752831 a0752832 a0752833 a0752834 a0752835 a0752836 a0752837 a0752838 a0752839 a0752840 a0752841 a0752842 a0752843 a0752844 a0752845 a0752846 a0752847 a0752848 a0752849 a0752850